| 000 | 00597nam a22001937a 4500 | ||
|---|---|---|---|
| 005 | 20160412121311.0 | ||
| 010 | _aENG-115018 | ||
| 020 |
_a9788120352131 _c350.00 |
||
| 035 | _aEN-98550 | ||
| 037 | _bDBAD/PUB | ||
| 082 | _a006.78 | ||
| 100 | _aPachghare, V.K. | ||
| 245 |
_aCloud computing / _cby V.K. Pachghare |
||
| 260 |
_aDelhi _bPHI Learning _c2016 |
||
| 270 |
_aRimjhim House, 111, Patparganj Industrial Estate, _bDelhi _e110092 |
||
| 300 |
_axiii,298p. : _c24cm(pbk) _bill. |
||
| 500 | _aIncludes bibliographical references and index | ||
| 942 |
_2ddc _cEN _mPAC _h006.78 |
||
| 999 |
_c99341 _d99341 |
||